In new South Africa: travels in the Trancvall and Rhodesia. (Record no. 124078)
[ view plain ]
| 000 -LEADER | |
|---|---|
| fixed length control field | 00698cam a2200217u 4500 |
| 001 - CONTROL NUMBER | |
| control field | 9606103 |
| 003 - CONTROL NUMBER IDENTIFIER | |
| control field | ARRUPE |
| 005 - DATE AND TIME OF LATEST TRANSACTION | |
| control field | 20160128150905.0 |
| 008 - FIXED-LENGTH DATA ELEMENTS--GENERAL INFORMATION | |
| fixed length control field | 820929s1896 enkabf 000 0 eng |
| 010 ## - LIBRARY OF CONGRESS CONTROL NUMBER | |
| LC control number | 04022793 |
| 040 ## - CATALOGING SOURCE | |
| Original cataloging agency | DLC |
| Transcribing agency | CarP |
| Modifying agency | DLC |
| 043 ## - GEOGRAPHIC AREA CODE | |
| Geographic area code | f-sa--- |
| 050 00 - LIBRARY OF CONGRESS CALL NUMBER | |
| Classification number | DT756 |
| Item number | .T16 |
| 300 ## - PHYSICAL DESCRIPTION | |
| Other physical details | front., illus., plates, fold. map. |
| Dimensions | 22 cm. |
| 100 1# - MAIN ENTRY--PERSONAL NAME | |
| Personal name | Tangye, H[arold] Lincoln, |
| Dates associated with a name | 1866- [from old catalog] |
| 9 (RLIN) | 21921 |
| 245 00 - TITLE STATEMENT | |
| Title | In new South Africa: travels in the Trancvall and Rhodesia. |
| 260 ## - PUBLICATION, DISTRIBUTION, ETC. (IMPRINT) | |
| Place of publication, distribution, etc | London, |
| Name of publisher, distributor, etc | H. Cox, |
| Date of publication, distribution, etc | 1896. |
| 300 ## - PHYSICAL DESCRIPTION | |
| Extent | viii, 431 p. |
| 651 #0 - SUBJECT ADDED ENTRY--GEOGRAPHIC NAME | |
| Geographic name | South Africa |
| General subdivision | Description and travel. |
| 9 (RLIN) | 21922 |
| 906 ## - LOCAL DATA ELEMENT F, LDF (RLIN) | |
| a | 0 |
| b | cbc |
| c | premunv |
| d | u |
| e | ncip |
| f | 19 |
| g | y-gencatlg |
| 942 ## - ADDED ENTRY ELEMENTS (KOHA) | |
| Source of classification or shelving scheme | Library of Congress Classification |
| Koha item type | SPC |
| Withdrawn status | Lost status | Source of classification or shelving scheme | Damaged status | Not for loan | Collection code | Home library | Current library | Shelving location | Date acquired | Total Checkouts | Full call number | Barcode | Date last seen | Price effective from | Koha item type |
|---|---|---|---|---|---|---|---|---|---|---|---|---|---|---|---|
| Library of Congress Classification | SPECIAL Collection | ARRUPE LIBRARY | ARRUPE LIBRARY | Reference | 28/01/2016 | SPC DT756 .T16 | 46500006171 | 28/01/2016 | 28/01/2016 | SPC |